Library of the University of Algiers 3
Ibrahim Sultan Cheibout
شعار جامعة الجزائر 3
مكتبة جامعة الجزائر 3
إبراهيم سلطان شيبوط

خصخصة المشروعات العامة : (رقم التسجيلة. 43101)

تفاصيل مارك
000 -LEADER
fixed length control field 01119nam a2200265Ia 4500
003 - CONTROL NUMBER IDENTIFIER
control field Ost
005 - DATE AND TIME OF LATEST TRANSACTION
control field 20260507075123.0
008 - FIXED-LENGTH DATA ELEMENTS--GENERAL INFORMATION
fixed length control field 260507s9999||||xx |||||||||||||| ||und||
020 ## - INTERNATIONAL STANDARD BOOK NUMBER
International Standard Book Number 9882379960
040 ## - CATALOGING SOURCE
Transcribing agency fsecg
041 ## - LANGUAGE CODE
Language code of text/sound track or separate title ara
082 ## - DEWEY DECIMAL CLASSIFICATION NUMBER
Classification number 330
100 ## - MAIN ENTRY--PERSONAL NAME
Personal name بري، زين العابدين بن عبد الله
Relator term مؤلف
245 #0 - TITLE STATEMENT
Title خصخصة المشروعات العامة :
Remainder of title منضور اقتصادي /
Statement of responsibility, etc. زين العابدين بن عبد الله بري
260 ## - PUBLICATION, DISTRIBUTION, ETC.
Place of publication, distribution, etc. الرياض:
Name of publisher, distributor, etc. النشر العلمي والمطابع,
Date of publication, distribution, etc. 2005
300 ## - PHYSICAL DESCRIPTION
Extent 229 صفحة؛
Other physical details إيضاحات ؛
Dimensions 24 سم
520 ## - SUMMARY, ETC.
Summary, etc. الأساس النظري لخصخصة المشروعات العامة-خصخصة قطاعي النقل والإتصالات؛خصخصة المنافع العامة:الماء والكهرباء-خصخصة الخدمات العامة:التعليم والصحة
653 ## - INDEX TERM--UNCONTROLLED
Uncontrolled term الأسعار
653 ## - INDEX TERM--UNCONTROLLED
Uncontrolled term الإنتاج
653 ## - INDEX TERM--UNCONTROLLED
Uncontrolled term السوق
653 ## - INDEX TERM--UNCONTROLLED
Uncontrolled term الصحة
653 ## - INDEX TERM--UNCONTROLLED
Uncontrolled term المشروعات العامة
653 ## - INDEX TERM--UNCONTROLLED
Uncontrolled term خصخصة الكهرباء
942 ## - ADDED ENTRY ELEMENTS (KOHA)
Koha item type كتب
المقتنيات
Withdrawn status Lost status Source of classification or shelving scheme Damaged status Not for loan Home library Current library Date acquired Serial enumeration / chronology Inventory number Total checkouts Full call number Barcode Date last seen Price effective from Koha item type
    Dewey Decimal Classification   NOT LOAN / إعارة داخلية مكتبة كلية العلوم الإقتصادية والعلوم التجارية وعلوم التسيير مكتبة كلية العلوم الإقتصادية والعلوم التجارية وعلوم التسيير 07/05/2026 الطابق الأرضي 2025/1   أ/2025ن1 2025/1 07/05/2026 07/05/2026 كتب
    Dewey Decimal Classification   Available مكتبة كلية العلوم الإقتصادية والعلوم التجارية وعلوم التسيير مكتبة كلية العلوم الإقتصادية والعلوم التجارية وعلوم التسيير 07/05/2026 الطابق الأرضي 2025/2   أ/2025ن2 2025/2 07/05/2026 07/05/2026 كتب
    Dewey Decimal Classification   Available مكتبة كلية العلوم الإقتصادية والعلوم التجارية وعلوم التسيير مكتبة كلية العلوم الإقتصادية والعلوم التجارية وعلوم التسيير 07/05/2026 الطابق الثاني 2025/3   أ/2025ن3 2025/3 07/05/2026 07/05/2026 كتب

موارد الويب المفتوحة


© University of Algiers 3 All Rights Reserved
|
Implemented by LECHELAH Riad